[Event "RSA-ch U16"]
[Site "Gauteng"]
[Date "2017.04.08"]
[Round "6"]
[White "Richter, Jan Michael"]
[Black "Strydom, De Leon"]
[Result "1/2-1/2"]
[WhiteElo "1658"]
[BlackElo "1389"]
[PlyCount "58"]
[EventDate "2017.04.05"]
[EventType "swiss"]
[EventRounds "11"]
[EventCountry "RSA"]
[SourceTitle "CBM 177 Extra"]
[Source "ChessBase"]
[SourceDate "2017.04.27"]
[SourceVersion "1"]
[SourceVersionDate "2017.04.27"]
[SourceQuality "1"]

1. e4 d5 2. exd5 Qxd5 3. Nc3 Qd6 4. Nf3 Bg4 5. Be2 Nf6 6. h3 Bh5 7. d4 c6 8. 0-0 e6 9. Re1 Be7 10. Bg5 0-0 11. Bxf6 Bxf6 12. Ne4 Qe7 13. Nxf6+ Qxf6 14. Ne5 Bxe2 15. Qxe2 Rd8 16. c3 Nd7 17. Nd3 Rac8 18. b4 Nb6 19. Nc5 Qe7 20. a4 Nd5 21. Qd2 b6 22. Nd3 Nf6 23. Qb2 Qd6 24. a5 Ra8 25. axb6 axb6 26. Rxa8 Rxa8 27. Ra1 Qb8 28. Ne5 Qb7 29. Kf1 Kf8 1/2-1/2

[Event "RSA-ch U16"]
[Site "Gauteng"]
[Date "2017.04.06"]
[Round "3"]
[White "Marais, Dawid Jacobus"]
[Black "Richter, Jan Michael"]
[Result "0-1"]
[WhiteElo "1249"]
[BlackElo "1658"]
[PlyCount "63"]
[EventDate "2017.04.05"]
[EventType "swiss"]
[EventRounds "11"]
[EventCountry "RSA"]
[SourceTitle "CBM 177 Extra"]
[Source "ChessBase"]
[SourceDate "2017.04.27"]
[SourceVersion "1"]
[SourceVersionDate "2017.04.27"]
[SourceQuality "1"]

1. e4 c5 2. Nf3 Nc6 3. d4 cxd4 4. Nxd4 Nf6 5. Nc3 e5 6. Nb3 Bb4 7. Bc4 Bxc3+ 8. bxc3 Nxe4 9. Bxf7+ Kxf7 10. Qd5+ Ke8 11. Qxe4 d5 12. Qe2 Bf5 13. Nd4 Nxd4 14. cxd4 e4 15. Qb5+ Qd7 16. Qxd7+ Kxd7 17. Rb1 b6 18. Bf4 Rhc8 19. Rb2 Rc4 20. Be5 Rac8 21. Kd1 g6 22. Re1 e3 23. Rxe3 Bxc2+ 24. Ke1 Ba4 25. Ree2 g5 26. f3 h5 27. Rbd2 g4 28. Bf6 Re8 29. Rxe8 Kxe8 30. Rb2 Rc1+ 31. Kd2 Rc4 32. Kd3 0-1

[Event "RSA-ch U14"]
[Site "Waterkloof"]
[Date "2015.04.08"]
[Round "7"]
[White "Richter, Jan Michael"]
[Black "Baskir, Zach"]
[Result "1/2-1/2"]
[WhiteElo "1520"]
[BlackElo "1579"]
[PlyCount "48"]
[EventDate "2015.04.04"]
[EventType "swiss"]
[EventRounds "9"]
[EventCountry "RSA"]
[SourceTitle "CBM 166 Extra"]
[Source "ChessBase"]
[SourceDate "2015.06.18"]
[SourceVersion "1"]
[SourceVersionDate "2015.06.18"]
[SourceQuality "1"]

1. d4 d5 2. Bf4 Nf6 3. Nf3 c5 4. c3 Qb6 5. Qc2 Nc6 6. e3 Nh5 7. Be2 Nxf4 8. exf4 cxd4 9. 0-0 dxc3 10. Nxc3 e6 11. f5 Be7 12. Rad1 0-0 13. a3 Bf6 14. Rd2 Ne5 15. Nxe5 Bxe5 16. Re1 Qc7 17. h3 Bf4 18. Rd3 Rd8 19. Qa4 Bd7 20. Qb3 a6 21. Bf3 Rab8 22. fxe6 fxe6 23. Bg4 Re8 24. Re2 Be5 1/2-1/2